Riadenie IT prevádzky
Zlepšenie IT služieb a ich inovácia pod tlakom limitovaného rozpočtu a úsilie o efektivitu vynaložených prostriedkov. Prílev nových technológií a metodík. Ciele a prínosy všetkých nástrojov riadenia IT operácií, procesov a softvérových nástrojov. Transformačný prínos. Stratégia IT pre naše podmienky...
Guardado en:
| Autor principal: | |
|---|---|
| Formato: | Capítulo de libro |
| Lenguaje: | eslovaco |
| Materias: | |
| Etiquetas: |
Sin Etiquetas, Sea el primero en etiquetar este registro!
|
MARC
| LEADER | 00000naa$a2200000$$$4500 | ||
|---|---|---|---|
| 001 | 0059816 | ||
| 005 | 20230929122141.1 | ||
| 041 | 0 | |a slo | |
| 044 | |a SK | ||
| 245 | 1 | 0 | |a Riadenie IT prevádzky |c Rastislav Janáč |
| 520 | |a Zlepšenie IT služieb a ich inovácia pod tlakom limitovaného rozpočtu a úsilie o efektivitu vynaložených prostriedkov. Prílev nových technológií a metodík. Ciele a prínosy všetkých nástrojov riadenia IT operácií, procesov a softvérových nástrojov. Transformačný prínos. Stratégia IT pre naše podmienky. | ||
| 610 | 2 | 0 | |a riadenie |
| 610 | 2 | 0 | |a technológie informačné |
| 610 | 2 | 0 | |a služby informačné |
| 610 | 2 | 0 | |a automatizácia |
| 610 | 2 | 0 | |a manažéri |
| 100 | 1 | |a Janáč, Rastislav | |